Asimov's Biographical Encyclopedia of science & technology

Bewaard in:
Bibliografische gegevens
Hoofdauteur: Asimov, Isaac
Formaat: Boek
Taal:Undetermined
Gepubliceerd in: New York Doubleday & Company ,Inc 1982
Onderwerpen:
Tags: Voeg label toe
Geen labels, Wees de eerste die dit record labelt!
Thư viện lưu trữ: Trung tâm Học liệu Trường Đại học Cần Thơ
LEADER 00525nam a2200181Ia 4500
001 CTU_79817
008 210402s9999 xx 000 0 und d
082 |a 509 
082 |b A832 
100 |a Asimov, Isaac 
245 0 |a Asimov's Biographical Encyclopedia of science & technology 
245 0 |c Isaac Asimov 
260 |a New York 
260 |b Doubleday & Company ,Inc 
260 |c 1982 
650 |a Sientists,Biography,Dictionaries 
904 |i Trọng Hải 
980 |a Trung tâm Học liệu Trường Đại học Cần Thơ